Projus:India's war against corruption/ (Record no. 189872)

MARC details
000 -LEADER
fixed length control field 00429nam a22001697a 4500
005 - DATE AND TIME OF LATEST TRANSACTION
control field 20220714105654.0
010 ## - LCCN (DPL NO)
LC control number ENG-133554
020 ## - INTERNATIONAL STANDARD BOOK NUMBER
International Standard Book Number 9789389113181
Terms of availability 395.00
035 ## - SYSTEM CONTROL NUMBER
System control number EN-117086
037 ## - SOURCE OF ACQUISITION
Source of stock number/acquisition DBAD/PUB
082 ## - DEWEY DECIMAL CLASSIFICATION NUMBER
Classification number S
100 ## - MAIN ENTRY--PERSONAL NAME
Personal name Sharma,Devinder
245 ## - TITLE STATEMENT
Title Projus:India's war against corruption/
Statement of responsibility, etc by Devinder Sharma
260 ## - PUBLICATION, DISTRIBUTION, ETC. (IMPRINT)
Name of publisher, distributor, etc BUUKS
Date of publication, distribution, etc 2019
300 ## - PHYSICAL DESCRIPTION
Extent xviii;332P.
Dimensions 20cm(pbk)
942 ## - ADDED ENTRY ELEMENTS (KOHA)
Source of classification or shelving scheme Dewey Decimal Classification
Item type English Books
Classification part S
Call number suffix SHA
Holdings
Withdrawn status Lost status Not for loan Collection code Home library Current library Date acquired Source of acquisition Cost, normal purchase price Full call number Barcode Copy number Cost, replacement price Koha item type
      Fiction Bawana Bawana 14/07/2022 DBAD/PUB 395.00 S SHA EN-117086 1 395.00 English Books

© Delhi Public Library
Hit Counter
free hit counter